Historia militar de Santo Domingo : (Registro nro. 14202)

Detalles MARC
000 -LEADER
fixed length control field 01159nam a2200325 a 4500
001 - CONTROL NUMBER
control field
003 - CONTROL NUMBER IDENTIFIER
control field DO-SdBNP
005 - DATE AND TIME OF LATEST TRANSACTION
control field 20220512101445.0
008 - FIXED-LENGTH DATA ELEMENTS--GENERAL INFORMATION
fixed length control field 100913s2014 dr 000 0 spa d
020 ## - INTERNATIONAL STANDARD BOOK NUMBER
International Standard Book Number 9789945457483
040 ## - CATALOGING SOURCE
Original cataloging agency BPMSU
Language of cataloging spa
Transcribing agency BPMSU
082 ## - DEWEY DECIMAL CLASSIFICATION NUMBER
Classification number 972.9302
Item number U47h
Edition number 22
100 1# - MAIN ENTRY--PERSONAL NAME
Personal name Utrea Cipriano de
Dates associated with a name 1916-
Titles and words associated with a name Fray
245 10 - TITLE STATEMENT
Title Historia militar de Santo Domingo :
Remainder of title documentos y noticias /
Statement of responsibility, etc. Fray Cipriano de Utrera.
250 ## - EDITION STATEMENT
Edition statement 2a. ed.
260 ## - PUBLICATION, DISTRIBUTION, ETC. (IMPRINT)
Place of publication, distribution, etc. Santo Domingo :
Name of publisher, distributor, etc. Bibliófilos-Banreservas,
Date of publication, distribution, etc. 2014
300 ## - PHYSICAL DESCRIPTION
Extent v. ;
Dimensions 23 cm.
Other physical details
490 0# - SERIES STATEMENT
Series statement Bibliófilos-Banreservas,
Volume/sequential designation 10
500 ## - GENERAL NOTE
General note Incluye referencias bibliográficas y notas al pie de las páginas
500 ## - GENERAL NOTE
General note Incluye datos biográficos del autor en la solapa de la cubierta.
590 ## - LOCAL NOTE (RLIN)
Local note Inventariado, 2022/ VM
650 #4 - SUBJECT ADDED ENTRY--TOPICAL TERM
Topical term or geographic name as entry element Isla española
Geographic subdivision (Haití y República Dominicana)
General subdivision Historia.
651 #4 - SUBJECT ADDED ENTRY--GEOGRAPHIC NAME
Geographic name Antillas
General subdivision Historia
651 #4 - SUBJECT ADDED ENTRY--GEOGRAPHIC NAME
Geographic name La española
General subdivision Historia
Chronological subdivision Colonia, 1503-1795
651 #4 - SUBJECT ADDED ENTRY--GEOGRAPHIC NAME
Geographic name Santo Domingo (República Dominicana)
General subdivision Historia
710 2# - ADDED ENTRY--CORPORATE NAME
Corporate name or jurisdiction name as entry element Sociedad Dominicana de Bibliófilos
830 #0 - SERIES ADDED ENTRY--UNIFORM TITLE
Uniform title Didáctica
Number of part/section of a work 1
910 ## - USER-OPTION DATA (OCLC)
User-option data VMateo
942 ## - ADDED ENTRY ELEMENTS (KOHA)
Source of classification or shelving scheme Dewey Decimal Classification
Koha item type Libros
Existencias
Withdrawn status Lost status Source of classification or shelving scheme Damaged status Not for loan Collection code Home library Current library Date acquired Total Checkouts Full call number Barcode Date last seen Copy number Price effective from Koha item type
    Dewey Decimal Classification     Colección Dominicana Biblioteca Pública Metropolitana Salomé Ureña Biblioteca Pública Metropolitana Salomé Ureña 05/12/2022   BPMSU CD 972.9302 U47h 2014 BPMSU22050038 05/12/2022 v.1 05/12/2022 Libros
    Dewey Decimal Classification     Colección Dominicana Biblioteca Pública Metropolitana Salomé Ureña Biblioteca Pública Metropolitana Salomé Ureña 05/12/2022   BPMSU CD 972.9302 U47h 2014 BPMSU22050039 05/12/2022 v.2 05/12/2022 Libros
    Dewey Decimal Classification     Colección Dominicana Biblioteca Pública Metropolitana Salomé Ureña Biblioteca Pública Metropolitana Salomé Ureña 05/12/2022   BPMSU CD 972.9302 U47h 2014 BPMSU22050040 05/12/2022 v.3 05/12/2022 Libros